| 000 | 00829nas a2200253Ia 4500 | ||
|---|---|---|---|
| 001 | R702/49173 | ||
| 003 | IT-RoPAU | ||
| 008 | 151124c99999999xx |||||||||||| ||und|| | ||
| 040 | _aIT-RoPAU | ||
| 040 | _cIT-RoPAU | ||
| 041 | _aFRANCESE | ||
| 100 |
_aHelbo Andre' _gCodice Aut. SPICS: 5545 |
||
| 210 | _aDEGRES | ||
| 222 | _aDegres | ||
| 245 |
_aDEGRES, N.005 (GENNAIO 1974) _bTransaction Comme Categorie Critique |
||
| 250 | _a1a ed. | ||
| 260 |
_aBRUXELLES _bDEGRES _c1974 |
||
| 501 |
_bPaulus - SPICS - Società San Paolo EM (non-commercial uses only) _cCopyright2015 |
||
| 300 | _a5 p. | ||
| 362 | _aANNO 002, N.005 (GENNAIO 1974) | ||
| 500 | _aTransazione Come Categoria Critica. Movimento Non Metafisico e Metafisico.Statistica e Comunicazione. | ||
| 650 |
_aSEMIOTICA _vPUBBLICAZIONE PERIODICA |
||
| 942 | _cCR | ||
| 999 |
_c110532 _d110532 |
||